AH International Schools' Libraries

Peter Rabbit: Easter Surprise/ (Record no. 49748)

MARC details
000 -LEADER
fixed length control field 00916nam a2200169 4500
020 ## - INTERNATIONAL STANDARD BOOK NUMBER
International Standard Book Number 9780241303467
020 ## - INTERNATIONAL STANDARD BOOK NUMBER
Cancelled/invalid ISBN 9780241303467
245 00 - TITLE STATEMENT
Title Peter Rabbit: Easter Surprise/
Statement of responsibility, etc Beatrix Potter.
260 ## - PUBLICATION, DISTRIBUTION, ETC. (IMPRINT)
Place of publication, distribution, etc London:
Name of publisher, distributor, etc Frederick Warne;
Date of publication, distribution, etc 2017.
300 ## - PHYSICAL DESCRIPTION
Extent 12 pages.
Dimensions 6.95 x 0.47 x 6.94 inches.
490 ## - SERIES STATEMENT
Series statement The world of Peter Rabbit
500 ## - GENERAL NOTE
General note Easter Surprise is a bright lively story for springtime! Follow Peter Rabbit as he excitedly hops along to share an Easter surprise with his friends. The charming rhyming story features lots of Beatrix Potter's most famous characters, such as Tom Kitten and Jemima Puddle-Duck in a Pied Piper-style adventure. With a gorgeous new cover, this little story book is a must for every baby's Easter.
650 ## - SUBJECT ADDED ENTRY--TOPICAL TERM
Topical term or geographic name as entry element JUVENILE FICTION / Holidays & Celebrations / Easter & Lent
9 (RLIN) 81153
650 ## - SUBJECT ADDED ENTRY--TOPICAL TERM
Topical term or geographic name as entry element Stories in rhyme.
650 ## - SUBJECT ADDED ENTRY--TOPICAL TERM
Topical term or geographic name as entry element Stories in rhyme.
9 (RLIN) 86871
942 ## - ADDED ENTRY ELEMENTS (KOHA)
Source of classification or shelving scheme
Koha item type Board Book
Holdings
Withdrawn status Lost status Source of classification or shelving scheme Damaged status Not for loan Home library Current library Date acquired Total Checkouts Full call number Barcode Date last seen Date checked out Price effective from Koha item type
          Logos International School Logos International School 11/13/2025 1 BB POT 041950 01/21/2026 01/16/2026 11/13/2025 Board Book

For any Logos Library related questions please contact Miss Art at swongnarasuk@asianhope.org.

For any Asian Hope Library related questions please contact Miss Raza at graza@asianhope.org.

Click here to explore our ebooks!

Powered by Koha